<?xml version="1.0" encoding="UTF-8"?>
<marc:record xmlns:marc="http://www.loc.gov/MARC21/slim">
   <marc:leader>00000nam a2200000 a 4500</marc:leader>
   <marc:datafield ind1="1" ind2=" " tag="100">
      <marc:subfield code="a">Holder, Naney</marc:subfield>
      <marc:subfield code="4">aut</marc:subfield>
      <marc:subfield code="e">Verfasser/-in</marc:subfield>
   </marc:datafield>
   <marc:datafield ind1="0" ind2="0" tag="245">
      <marc:subfield code="a">with Hexenkuss</marc:subfield>
   </marc:datafield>
   <marc:datafield ind1="0" ind2="0" tag="245">
      <marc:subfield code="c">Naney Holder &amp; Viguie, Debbie</marc:subfield>
   </marc:datafield>
   <marc:datafield ind1=" " ind2="1" tag="264">
      <marc:subfield code="a">München</marc:subfield>
      <marc:subfield code="b">Blanvalet</marc:subfield>
      <marc:subfield code="c">2010</marc:subfield>
   </marc:datafield>
   <marc:datafield ind1="1" ind2=" " tag="490">
      <marc:subfield code="a">Witch</marc:subfield>
      <marc:subfield code="v">1</marc:subfield>
   </marc:datafield>
   <marc:datafield ind1="1" ind2=" " tag="520">
      <marc:subfield code="a">Holly Cathers Eltern sterben bei einem schrecklichen Unfall, und ihr bleibt nichts anderes übrig, als zu ihrer Tante Marie-Claire nach Seattle zu ziehen. Bis dahin hat sich Holly immer für eine normale junge Frau gehalten. Doch hier erfährt sie die Wahrheit, vor der sie ihr Vater immer hatte behüten wollen: Holly entstammt einem uralten Hexengeschlecht - und ihre Familie befindet sich im Krieg mit den mächtigen Hexern des Deveraux-Clans!</marc:subfield>
   </marc:datafield>
   <marc:datafield ind1=" " ind2=" " tag="020">
      <marc:subfield code="a">9783764530761</marc:subfield>
      <marc:subfield code="9">9783764530761</marc:subfield>
   </marc:datafield>
   <marc:datafield ind1=" " ind2=" " tag="020">
      <marc:subfield code="a">3764530766</marc:subfield>
      <marc:subfield code="9">3764530766</marc:subfield>
   </marc:datafield>
   <marc:datafield ind1=" " ind2=" " tag="300">
      <marc:subfield code="a">317 S.</marc:subfield>
   </marc:datafield>
</marc:record>
